Monsone

-д хадгалсан:
Номзүйн дэлгэрэнгүй
Үндсэн зохиолч: Wilbur Smith
Формат: Ном
Хэл сонгох:Тодорхойгүй
Хэвлэсэн: Tea Due
Шошгууд: Шошго нэмэх
Шошго байхгүй, Энэхүү баримтыг шошголох эхний хүн болох!

MARC

LEADER 00000nam a2200000Ia 4500
001 R-633
003 CODICE-MESSINA
005 20260212102455.0
008 260211s9999 xx 000 0 und d
040 |c importazione_messina 
100 |a Wilbur Smith 
245 0 |a Monsone 
260 |b Tea Due 
942 |2 ddc  |c BK 
952 |0 0  |1 0  |2 ddc  |4 0  |6 SCAFFALE_6_000000000000000__ROMANZI  |7 0  |9 31455  |a ME  |b ME  |d 2026-02-11  |l 0  |o SCAFFALE 6 - ROMANZI  |p R-633  |r 2026-02-11 23:52:34  |w 2026-02-11  |x [REVISIONARE]  |y BK 
999 |c 27120  |d 27120